[Event "RUS IPCA-ch"]
[Site "Nalchik"]
[Date "2014.05.03"]
[Round "3"]
[White "Kaydanovich, Marina"]
[Black "Zasukhin, Aleksander"]
[Result "0-1"]
[WhiteElo "1842"]
[BlackElo "2316"]
[PlyCount "70"]
[EventDate "2014.05.01"]
[EventType "swiss"]
[EventRounds "9"]
[EventCountry "RUS"]
[SourceTitle "CBM 160 Extra"]
[Source "ChessBase"]
[SourceDate "2014.07.01"]
[SourceVersion "1"]
[SourceVersionDate "2014.07.01"]
[SourceQuality "1"]

1. d4 Nf6 2. c4 g6 3. Nc3 Bg7 4. e4 d6 5. Nf3 0-0 6. Be2 Nbd7 7. 0-0 e5 8. d5 a5 9. h3 Nc5 10. Qc2 Ne8 11. Ne1 f5 12. f3 Nf6 13. Nd3 Nxd3 14. Bxd3 Nh5 15. Ne2 f4 16. Bd2 c5 17. a4 Bf6 18. Rfb1 Bh4 19. Qd1 b6 20. b3 Ra7 21. Ra2 Rg7 22. Be1 Bxe1 23. Qxe1 g5 24. Nc3 Nf6 25. Bf1 h5 26. Kf2 g4 27. hxg4 hxg4 28. Ke2 gxf3+ 29. gxf3 Rg3 30. Qf2 Ng4 31. fxg4 Rxc3 32. Kd2 Rg3 33. Be2 Qg5 34. Kc2 Bxg4 35. Rg1 Bxe2 0-1